书目信息 |
| 题名: |
抽象表现主义
|
|
| 作者: | 裔萼 编著 | |
| 分册: | ||
| 出版信息: | 北京 人民美术出版社 2000 |
|
| 页数: | 34页, [106]页图版 | |
| 开本: | 21cm | |
| 丛书名: | 西方现代艺术派书系 | |
| 单 册: | ||
| 中图分类: | J209.9 | |
| 科图分类: | ||
| 主题词: | 抽象表现--画派--西方国家 | |
| 电子资源: | ||
| ISBN: | 7-102-02228-X | |
| 000 | 00969oam2 2200253 45 | |
| 001 | 012000202968 | |
| 005 | 20041010105829.66 | |
| 010 | @a7-102-02228-X@dCNY 32.00 | |
| 100 | @a20010220d2000 em y0chiy0120 ea | |
| 101 | 0 | @achi |
| 102 | @aCN@b110000 | |
| 105 | @aacf z 000yy | |
| 200 | 1 | @a抽象表现主义@AChou Xiang Biao Xian Zhu Yi@dAbstract Expressionism@f裔萼编著 @FYi E Bian Zhu@zeng |
| 210 | @a北京@c人民美术出版社@d2000 | |
| 215 | @a34页, [106]页图版@c肖像, 图, 图版@d21cm | |
| 225 | 2 | @a西方现代艺术派书系@dThe Western Modern Art Schools@f翟墨, 王端廷主编@zeng |
| 314 | @a裔萼(1971-),1991年毕业于南京艺术学院工艺美术系,1998年在中国艺术研究院研究生部美术系获硕士学位。现于中国美术馆研究部从事美术理论研究工作。 | |
| 410 | 0 | @12001 @a西方现代艺术派书系 |
| 510 | 1 | @aAbstract Expressionism@zeng |
| 606 | 0 | @a抽象表现@x画派@y西方国家 |
| 690 | @aJ209.9@v4 | |
| 701 | 0 | @a裔萼@AYi E@4编著 |
| 801 | 0 | @aCN@bCEPC@c20041010 |
| 905 | @a10447@dJ209.9@eY567 | |
| 抽象表现主义=Abstract Expressionism/裔萼编著 .-北京:人民美术出版社,2000 |
| 34页, [106]页图版:肖像, 图, 图版;21cm.-(西方现代艺术派书系=The Western Modern Art Schools/翟墨, 王端廷主编) |
| ISBN 7-102-02228-X:CNY 32.00 |
| ● |
| 相关链接 |
|
|
|
正题名:抽象表现主义
索取号:J209.9/Y567
 
预约/预借
| 序号 | 登录号 | 条形码 | 馆藏地/架位号 | 状态 | 备注 |
| 1 | 398739 | 203987392 | 社科库309/309社科库 67排4列6层/ [索取号:J209.9/Y567] | 在馆 |